• 首页
  • 本馆介绍
  • 公告通知
  • 最新文献
  • 馆藏检索
  • 电子资源
  • 读者导购
  • 参考咨询
  • 我的图书馆
  • 登录
  • 详细信息显示
  • 放入我的书架
  • 预约/预借图书
  • 作者相关作品
  • 分类相关作品
  • 丛书相关作品
  • 出版社相关作品

书目信息

  • 表格格式
  • 工作单格式
  • 卡片格式
题名:
布布皆惊奇
    
 
作者: 普洛梅尔 编文 ;卡萨诺瓦 , 刘晓眉 绘图
分册:  
出版信息: 济南   明天出版社  2002
页数: 32页
开本: 30cm
丛书名: 明天儿童手工系列
单 册:
中图分类: G613.6
科图分类:
主题词: 手工课--学前教育--儿童读物
电子资源:
ISBN: 7-5332-3779-X
000 00852oam2 2200277 450
001 1574504339
005 20150205204201.19
010    @a7-5332-3779-X@dCNY8.80
100    @a20120243d2002 b y0chiy0110 ea
101 1  @achi@cspa
102    @aCN@b370000
105    @aa z 000yy
200 1  @a布布皆惊奇@9bu bu jie jing qi@f(西)普洛梅尔编文@g(西)卡萨诺瓦绘图@g刘晓眉译
210    @a济南@c明天出版社@d2002
215    @a32页@c彩图@d30cm
225 2  @a明天儿童手工系列@i奇妙手工乐园
461  0 @12001 @a明天儿童手工系列
462  0 @12001 @a奇妙手工乐园
606 0  @a手工课@x学前教育@j儿童读物
690    @aG613.6@v5
696    @aJ387@v3@2sef
701  0 @c(西)@a普洛梅尔@9pu luo mei er@4编文
702  0 @c(西)@a卡萨诺瓦@9ka sa nuo wa@4绘图
702  0 @a刘晓眉@9liu xiao mei@4译
801  0 @aCN@bTSSF@c20150205
905    @aZUCC@dG613.6@eJY23
    
    布布皆惊奇/(西)普洛梅尔编文/(西)卡萨诺瓦绘图/刘晓眉译.-济南:明天出版社,2002
    32页:彩图;30cm.-(明天儿童手工系列.奇妙手工乐园)
    
    
    ISBN 7-5332-3779-X:CNY8.80
    
●
相关链接 在E读中查询图书 在五车中查询图书 在当当中查询图书 在豆瓣中查询图书


正题名:布布皆惊奇     索取号:G613.6/JY23         预约/预借

序号 登录号 条形码 馆藏地/架位号 状态 备注
1 7846839   278468392   学院路分馆/ [索取号:G613.6/JY23] 在馆    
唐山师范学院图书馆 欢迎您!
大连网信软件有限公司© 版权所有